Aspects de la politique culturelle au Népal / (Record no. 130247)

MARC details
000 -CABECERA
campo de control de longitud fija 00659nam a2200205 a 4500
005 - FECHA Y HORA DE LA ÚLTIMA TRANSACCIÓN
campo de control 20210223130544.0
008 - ELEMENTOS DE LONGITUD FIJA--INFORMACIÓN GENERAL
campo de control de longitud fija 080724s1983 mx r 000 0 spa d
020 ## - NÚMERO INTERNACIONAL NORMALIZADO PARA LIBROS
Número Internacional Estándar del Libro 9232020696
035 ## - NÚMERO DE CONTROL DEL SISTEMA
Número de control de sistema UPN01000158133
049 ## - COLECCIÓN
Colección UNE
050 ## - SIGNATURA TOPOGRÁFICA DE LA BIBLIOTECA DEL CONGRESO
Número de clasificación NX576.8 N4
Número de documento/Ítem A4.2
100 1# - ASIENTO PRINCIPAL--NOMBRE PERSONAL
Nombre de persona Amatya, Shaphalya
9 (RLIN) 39883
245 10 - MENCIÓN DE TÍTULO
Título Aspects de la politique culturelle au Népal /
Mención de responsabilidad, etc. Shaphalya Amatya.
260 ## - PUBLICACIÓN, DISTRIBUCIÓN, ETC.
Lugar de publicación, distribución, etc. Paris :
Nombre del editor, distribuidor, etc. UNESCO,
Fecha de publicación, distribución, etc. 1983.
300 ## - DESCRIPCIÓN FÍSICA
Extensión 65, [3] p. :
Otras características físicas il., tablas
440 #0 - MENCIÓN DE SERIE/ASIENTO SECUNDARIO--TÍTULO
Título Politiques culturelles : études et documents
590 ## - NOTA LOCAL (RLIN)
Nota local También localizas un ejmplar en "Colección General"
651 #4 - ASIENTO SECUNDARIO DE MATERIA - NOMBRE GEOGRAFICO
Nombre geográfico NEPAL -
Subdivisión general POLITICA CULTURAL
9 (RLIN) 25486
905 ## - TIPO DE MATERIAL
Tipo de material Libro
Holdings
Estado de retiro Estado de pérdida Fuente del sistema de clasificación o colocación Estado dañado No para préstamo Código de colección Localización permanente Ubicación/localización actual Ubicación en estantería Fecha de adquisición Enumeración/cronología de publicación seriada Clasificación Código de barras Fecha visto por última vez Número de copia Tipo de ítem Koha Total de préstamos
    Library of Congress Classification   Disponible (Préstamo en sala) UNESCO Bib. Gregorio Torres Quintero Bib. Gregorio Torres Quintero Colecciones especiales Planta alta 03/02/2023 Donación UNESCO NX576.8 N4 A4.2 U2242 31/12/2020 1 Libro  
    Library of Congress Classification     Colección General Bib. Gregorio Torres Quintero Bib. Gregorio Torres Quintero Planta baja   Donación UNESCO NX576.8 N4 A4.2 U2243 31/12/2020 1 Libro